Statistics for NHL OLD LOGOS QUIZ

Click here to take the quiz!

General Stats

  • This quiz has been taken 162 times
  • The average score is 5 of 12

Answer Stats

Answer% Correct
Arizona Coyotes
88%
Washington Capitals
82%
Vancouver Canucks
57%
Carolina Hurricanes
51%
Calgary Flames
50%
Dallas Stars
49%
Toronto Maple Leafs
44%
Winnipeg Jets
32%
Montreal Canadiens
31%
Colorado Avalanche
28%
New Jersey Devils
16%
Ottawa Senators
5%

Score Distribution

Percentile by Number Answered

Percent of People with Each Score

Your Score History

You have not taken this quiz